000 00612nam a22001817a 4500
999 _c10391
_d10391
003 AR-CdUCM
008 190401b ||||| |||| 00| 0 spa d
040 _aMUNICIPALIDAD PROVINCIAL DEL CUSCO
_cBIBLIOTECA MUNICIPAL DEL CUSCO
082 _aEP / 373.460 /
_bQ7
100 _aQuitana, Martín
_927217
245 _aEl mundo de la lectura 1 /
260 _aLima :
_bMQ.,
300 _a240 paginas ;
_c20 cm.
505 _aContenido :El alacrán de Fray Gómez -- El caballero carmelo -- Paco Yunque -- El trompo -- El bagrecio ...
650 _aLiteratura infantil
_9588
942 _2ddc
_cLIBROS
945 _arum